[Event "Tournoi Skype 029B"]
[Site "Skype"]
[Date "????.??.??"]
[Round "1.1"]
[White "Quiel, Aristoteles"]
[Black "Franco, Yolima"]
[Result "1/2-1/2"]
[WhiteElo "1066"]
[BlackElo "1517"]
[PlyCount "73"]

1. Nf3 c5 2. c4 Nc6 3. Nc3 e6 4. d4 d5 5. cxd5 exd5 6. Bg5 f6 7. Bf4 Nge7 8.
Nb5 Qa5+ 9. Nc3 Bf5 10. a3 O-O-O 11. Bd2 Qb6 12. e3 cxd4 13. Na4 Qc7 14. exd4
Ng6 15. g3 Na5 16. Rc1 Nc4 17. Bxc4 dxc4 18. O-O Kb8 19. Bf4 Nxf4 20. gxf4 Qf7
21. Nh4 Bh3 22. Re1 Qd5 23. Qf3 Qxf3 24. Nxf3 Bg4 25. Kg2 Bxf3+ 26. Kxf3 Rxd4
27. Re8+ Kc7 28. Ke3 Rd3+ 29. Ke2 Rd4 30. b3 Kd7 31. Rb8 cxb3 32. Rxb7+ Ke6 33.
Nc5+ Bxc5 34. Rxc5 Rhd8 35. f5+ Kd6 36. Rc1 Re8+ 37. Kf1 1/2-1/2

[Event "Tournoi Skype 029B"]
[Site "Skype"]
[Date "????.??.??"]
[Round "1.3"]
[White "Gerbaux, Regis"]
[Black "San Isidoro, Josep"]
[Result "0-1"]
[WhiteElo "1062"]
[BlackElo "1405"]
[PlyCount "94"]

1. e4 e5 2. Nf3 d6 3. Bc4 Be7 4. O-O Nf6 5. Nc3 O-O 6. d4 exd4 7. Nxd4 c6 8.
Re1 Re8 9. Nf3 Bg4 10. h3 Bh5 11. g4 Bg6 12. Ng5 h6 13. Nf3 Nbd7 14. Bd3 Ne5
15. Nxe5 dxe5 16. Qf3 Qc7 17. g5 hxg5 18. Bxg5 Nh7 19. Bxe7 Rxe7 20. Rad1 Nf6
21. Ne2 Rd8 22. Ng3 Qc8 23. Qe3 b6 24. Kg2 Nh5 25. Nxh5 Bxh5 26. Be2 Bxe2 27.
Rxd8+ Qxd8 28. Qxe2 Rd7 29. Qc4 c5 30. Re3 Rd4 31. Rd3 Rxd3 32. Qxd3 Qxd3 33.
cxd3 Kh7 34. Kg3 Kg6 35. h4 f5 36. exf5+ Kxf5 37. Kf3 g6 38. b3 b5 39. Ke3 Kg4
40. Ke4 Kxh4 41. Kxe5 g5 42. Ke4 g4 43. Kf4 Kh3 44. a3 Kg2 45. Ke3 Kf1 46. a4
bxa4 47. bxa4 a5 0-1

[Event "Tournoi Skype 029B"]
[Site "Skype"]
[Date "????.??.??"]
[Round "1.4"]
[White "Martinez Perez, Carlos"]
[Black "Rosenkoetter, David"]
[Result "1/2-1/2"]
[WhiteElo "1404"]
[BlackElo "1165"]
[PlyCount "100"]

1. e4 c6 2. d4 d5 3. Nc3 dxe4 4. Nxe4 Bf5 5. Ng3 Bg6 6. h4 h6 7. h5 Bh7 8. Bd3
Bxd3 9. Qxd3 Nd7 10. Nf3 Ngf6 11. Bd2 e6 12. O-O-O Rc8 13. Ne2 Bd6 14. Nc3 O-O
15. Qe2 Re8 16. Rh3 Ng4 17. Ne1 Ndf6 18. f3 Nd5 19. fxg4 Nf4 20. Bxf4 Bxf4+ 21.
Kb1 b5 22. Rf3 Bd6 23. Ne4 Be7 24. Qf2 f6 25. Nd3 Rf8 26. Nec5 Bxc5 27. dxc5 e5
28. Qe2 Re8 29. Re3 Qc7 30. Nf2 Rcd8 31. Rxd8 Rxd8 32. Rd3 a6 33. Rxd8+ Qxd8
34. Qd3 Qa5 35. c3 b4 36. cxb4 Qxb4 37. Qc3 Qf4 38. Qe1 f5 39. gxf5 Qxf5+ 40.
Ne4 Qxh5 41. a3 Qg6 42. g3 Qe6 43. Qc3 Qd5 44. Nd6 Qd1+ 45. Ka2 Qd5+ 46. Qb3
Qxb3+ 47. Kxb3 Kf8 48. Kc3 Ke7 49. Kd3 Ke6 50. Ke4 g6 1/2-1/2

[Event "Tournoi Skype 029B"]
[Site "Skype"]
[Date "????.??.??"]
[Round "1.5"]
[White "Harmelle, Dominique"]
[Black "Dib, Catherine"]
[Result "1-0"]
[WhiteElo "1402"]
[BlackElo "1052"]
[PlyCount "85"]

1. d4 Nf6 2. Nf3 d6 3. Bf4 g6 4. Nc3 Bg7 5. e3 Nbd7 6. Be2 O-O 7. Qd2 Qe8 8.
O-O-O e5 9. dxe5 dxe5 10. Bg5 e4 11. Nd4 a6 12. h3 c5 13. Nb3 b6 14. Bf4 Bb7
15. Bd6 Rc8 16. g4 h6 17. h4 Ne5 18. Bxf8 Qxf8 19. g5 hxg5 20. hxg5 Ne8 21. Qe1
f6 22. Qf1 Qe7 23. Bxa6 Nd6 24. Bxb7 Nxb7 25. Nd5 Qe6 26. gxf6 Bxf6 27. Nxf6+
Qxf6 28. Qh3 Rc7 29. Qg3 Re7 30. Nd2 Nd6 31. Rh2 Ra7 32. Qh4 g5 33. Rg1 Rg7 34.
Qh8+ Kf7 35. Rgh1 Ng6 36. Qb8 b5 37. Qc7+ Ke6 38. Qxc5 Nh4 39. Nxe4 Nxe4 40.
Qxb5 Nxf2 41. Rf1 Qf3 42. Rhxf2 Qxe3+ 43. Kb1 1-0

[Event "Tournoi Skype 029B"]
[Site "Skype"]
[Date "????.??.??"]
[Round "1.6"]
[White "Yanez, Leticia Jorgelina"]
[Black "Munoz Gonzalez, Martin"]
[Result "0-1"]
[WhiteElo "1051"]
[BlackElo "1400"]
[PlyCount "98"]

1. e4 e6 2. e5 d5 3. d4 Bd7 4. Nc3 Nc6 5. Bf4 a6 6. Be2 Nge7 7. Nf3 Ng6 8. Be3
Be7 9. O-O O-O 10. Qd2 Nh4 11. Ng5 Nf5 12. Bf4 Ncxd4 13. Bg4 h6 14. Nf3 Nxf3+
15. Bxf3 Nh4 16. Bxh6 gxh6 17. Bh5 Bg5 18. f4 Be7 19. Qf2 Nf5 20. g4 Bh4 21.
Qg2 Ne3 22. Qd2 Nxf1 23. Rxf1 Kg7 24. f5 Bg5 25. f6+ Kh8 26. Qd3 c5 27. Bg6 c4
28. Qh3 fxg6 29. Qf3 Qb6+ 30. Kh1 Qe3 31. Qxe3 Bxe3 32. f7 Kg7 33. Ne2 Rxf7 34.
Rxf7+ Kxf7 35. h4 d4 36. Kh2 d3 37. cxd3 cxd3 38. Nc3 Bd4 39. Ne4 Bxe5+ 40. Kg2
Bc6 41. Kf3 d2 42. g5 d1=Q+ 43. Ke3 Qd4+ 44. Kf3 Qxe4+ 45. Kf2 Qxh4+ 46. Ke3
Qf4+ 47. Ke2 Qf3+ 48. Kd2 Bf4+ 49. Kc2 Be4# 0-1

[Event "Tournoi Skype 029B"]
[Site "Skype"]
[Date "????.??.??"]
[Round "1.7"]
[White "Escudero Ocana, Francisco"]
[Black "Hernandez Lopez, Joaquin"]
[Result "1-0"]
[WhiteElo "1395"]
[BlackElo "1046"]
[PlyCount "47"]

1. e4 c5 2. Nf3 Nc6 3. c3 Qc7 4. Bc4 e6 5. d4 cxd4 6. cxd4 Bb4+ 7. Nc3 Na5 8.
Be2 Nc4 9. O-O Nf6 10. Qc2 b5 11. Nxb5 Qc6 12. Bxc4 d5 13. exd5 exd5 14. Bd3
Qxc2 15. Bxc2 O-O 16. Bf4 Ba6 17. Ba4 Rab8 18. Bxb8 Rxb8 19. Rfc1 Ne4 20. Nc3
Rd8 21. Nxe4 dxe4 22. Ne5 Bd2 23. Nc6 Bxc1 24. Nxd8 1-0

[Event "Tournoi Skype 029B"]
[Site "Skype"]
[Date "????.??.??"]
[Round "1.8"]
[White "Tinti, Jacopo"]
[Black "Luna Perez Vico, Lorenzo"]
[Result "0-1"]
[WhiteElo "1044"]
[BlackElo "1386"]
[PlyCount "70"]

1. c4 e6 2. g3 Nf6 3. Bg2 c5 4. Nc3 Nc6 5. e3 a6 6. Nge2 Be7 7. O-O O-O 8. d4
cxd4 9. exd4 d5 10. b3 Na5 11. Qd3 Nc6 12. Re1 Nb4 13. Qd2 Nc6 14. a3 Re8 15.
cxd5 exd5 16. Nf4 Ne4 17. Nxe4 dxe4 18. Bxe4 Qxd4 19. Qxd4 Nxd4 20. Rb1 Bf5 21.
f3 Bxe4 22. Rxe4 Nxf3+ 23. Kg2 Ng5 24. Re5 f6 25. Re2 Kf7 26. Nd5 Rac8 27. Bxg5
fxg5 28. Rf1+ Bf6 29. Rxe8 Rxe8 30. Nc7 Re2+ 31. Rf2 Rxf2+ 32. Kxf2 Be5 33. Na8
Ke6 34. Nb6 Bd4+ 35. Kf3 Bxb6 0-1

[Event "Tournoi Skype 029B"]
[Site "Skype"]
[Date "????.??.??"]
[Round "1.9"]
[White "Vincent, Andre"]
[Black "Santamaria Garcia, Jesus"]
[Result "1-0"]
[WhiteElo "1377"]
[BlackElo "1041"]
[PlyCount "49"]

1. d4 d5 2. Nf3 Bf5 3. Bf4 Nc6 4. e3 e6 5. Bd3 Bxd3 6. Qxd3 Bd6 7. O-O Bxf4 8.
exf4 Nf6 9. Nbd2 O-O 10. c3 Re8 11. Rae1 Nh5 12. g3 h6 13. Ne5 Nxe5 14. Rxe5 f5
15. Rfe1 Qd6 16. Qe2 Kf7 17. Qxh5+ Kf6 18. Qe2 g5 19. Qh5 gxf4 20. Qxh6+ Kf7
21. Qxf4 Rad8 22. Nf3 Rd7 23. Ng5+ Kf6 24. Nxe6 Rxe6 25. Qxf5+ 1-0

[Event "Tournoi Skype 029B"]
[Site "Skype"]
[Date "????.??.??"]
[Round "1.10"]
[White "Gomez Zuluaga, Jorge Adiel"]
[Black "Loaisiga Perez, Carlos Alberto"]
[Result "0-1"]
[WhiteElo "1036"]
[BlackElo "1374"]
[PlyCount "104"]

1. d4 Nf6 2. c4 g6 3. Nc3 d6 4. f4 Bg7 5. h3 h5 6. e4 Nbd7 7. Be3 O-O 8. Qd2 e5
9. fxe5 dxe5 10. O-O-O Re8 11. Bh6 exd4 12. Bxg7 Kxg7 13. Qxd4 c5 14. Qd3 Qe7
15. Re1 b6 16. Nf3 Ne5 17. Qe3 Bb7 18. Nd5 Nxd5 19. cxd5 Rac8 20. b3 c4 21.
Bxc4 Nxc4 22. Qd4+ Ne5+ 23. Kb2 Qf6 24. Kb1 Ba6 25. Rc1 Bd3+ 26. Ka1 Rxc1+ 27.
Rxc1 Bxe4 28. Nxe5 Qxe5 29. Rd1 Bxg2 30. d6 Qxd4+ 31. Rxd4 Bxh3 32. d7 Rd8 33.
Rd3 Be6 34. b4 Rxd7 35. Ra3 h4 36. Kb2 h3 37. Rc3 h2 38. Rc1 Bd5 39. Rd1 h1=Q
40. Rxh1 Bxh1 41. a4 Rd3 42. Kc2 Be4 43. Kb2 g5 44. a5 bxa5 45. bxa5 g4 46. a6
g3 47. Ka2 g2 48. Kb2 g1=Q 49. Kc2 Qf2+ 50. Kc1 Qe1+ 51. Kc2 Qc3+ 52. Kb1 Rd2#
0-1

[Event "Tournoi Skype 029B"]
[Site "Skype"]
[Date "????.??.??"]
[Round "1.11"]
[White "Scata, Laura"]
[Black "Rodriguez Tovar, Liliana"]
[Result "1-0"]
[WhiteElo "1366"]
[BlackElo "1036"]
[PlyCount "52"]

1. Nf3 Nf6 2. d4 d5 3. Bf4 Nh5 4. Bg3 Nxg3 5. hxg3 e6 6. e3 c5 7. c3 Nc6 8. Bd3
Qb6 9. Qb3 Qa5 10. Rxh7 Rxh7 11. Bxh7 cxd4 12. exd4 Qa6 13. Qc2 Bd7 14. Bd3 Qb6
15. Nbd2 O-O-O 16. O-O-O g6 17. Nb3 Bd6 18. Ng5 f5 19. Nf7 Be7 20. Nxd8 Bg5+
21. f4 Bxd8 22. Nc5 Nb4 23. cxb4 Bc6 24. Nxe6 Bf6 25. b5 Kd7 26. bxc6+ bxc6 1-0

[Event "Tournoi Skype 029B"]
[Site "Skype"]
[Date "????.??.??"]
[Round "1.12"]
[White "Guillen Andrinal, Pablo"]
[Black "Lopes, Marcia Maria"]
[Result "0-1"]
[WhiteElo "1024"]
[BlackElo "1363"]
[PlyCount "38"]

1. e4 c6 2. d4 d5 3. Nc3 dxe4 4. Nf3 exf3 5. gxf3 Nf6 6. Bc4 e6 7. Rg1 Nbd7 8.
d5 cxd5 9. Bb3 Nc5 10. Ba4+ Nxa4 11. Nxa4 Bd7 12. Nc5 Qa5+ 13. b4 Qxb4+ 14. Qd2
Qxd2+ 15. Bxd2 Bxc5 16. Rxg7 Rc8 17. O-O-O Ba4 18. Re1 Bxf2 19. Be3 Bxe1 0-1

[Event "Tournoi Skype 029B"]
[Site "Skype"]
[Date "????.??.??"]
[Round "1.14"]
[White "Hernandez, Ivan"]
[Black "Raudales, Victor"]
[Result "0-1"]
[WhiteElo "1022"]
[BlackElo "1340"]
[PlyCount "46"]

1. e4 e5 2. Nf3 Nc6 3. Bb5 Nf6 4. Bxc6 dxc6 5. Qe2 Bg4 6. O-O Bc5 7. Rd1 Qe7 8.
c3 O-O-O 9. d4 exd4 10. cxd4 Bxd4 11. Be3 Qxe4 12. Bxd4 Qxe2 13. Nc3 Qxb2 14.
Rab1 Qc2 15. Bxa7 Rxd1+ 16. Rxd1 Qxc3 17. h3 Bxf3 18. gxf3 Qxf3 19. Kf1 Qxh3+
20. Ke2 Re8+ 21. Be3 Qg4+ 22. f3 Qg2+ 23. Ke1 Rxe3# 0-1

[Event "Tournoi Skype 029B"]
[Site "Skype"]
[Date "????.??.??"]
[Round "1.15"]
[White "Duthoit, Bernard"]
[Black "Mira Poveda, Jose Antonio"]
[Result "1-0"]
[WhiteElo "1338"]
[BlackElo "1021"]
[PlyCount "75"]

1. e4 e5 2. Nf3 Nf6 3. Nc3 Bb4 4. d3 d5 5. exd5 Nxd5 6. Bd2 Nc6 7. Nxd5 Qxd5 8.
c3 Bc5 9. Be2 e4 10. dxe4 Qxe4 11. O-O Qg6 12. Bf4 Bh3 13. Bg3 Rd8 14. Qb1 Bf5
15. Qc1 O-O 16. Nh4 Qe6 17. Nxf5 Qxe2 18. Nxg7 Kxg7 19. Qg5+ Kh8 20. Qxc5 Rfe8
21. h3 Qxb2 22. Rab1 Qxa2 23. Rxb7 Ne7 24. Rxa7 Qe2 25. Rxc7 Rd1 26. Rxd1 Qxd1+
27. Kh2 Ng6 28. Rc8 Rxc8 29. Qxc8+ Kg7 30. c4 h5 31. Qc5 h4 32. Be5+ f6 33.
Qc7+ Kh6 34. Bxf6 Qd2 35. Qg7+ Kh5 36. Bxh4 Qd6+ 37. Bg3 Qd4 38. Qxd4 1-0

[Event "Tournoi Skype 029B"]
[Site "Skype"]
[Date "????.??.??"]
[Round "1.16"]
[White "Torres, Vicky"]
[Black "Ibanez, Bittor"]
[Result "0-1"]
[WhiteElo "1020"]
[BlackElo "1330"]
[PlyCount "108"]

1. e4 c6 2. d4 d5 3. Nc3 dxe4 4. Nxe4 Bf5 5. Bd3 Bxe4 6. Bxe4 Nf6 7. Bd3 Nbd7
8. Nf3 g6 9. O-O Bg7 10. c3 O-O 11. Re1 e6 12. Bc4 b5 13. Bb3 a5 14. a4 b4 15.
Bc4 Nb6 16. Be2 Ne4 17. Ne5 Bxe5 18. dxe5 Qxd1 19. Bxd1 Nc4 20. Rxe4 Rad8 21.
Bb3 Nd2 22. Bxd2 Rxd2 23. Rb1 Kg7 24. cxb4 Rd3 25. Ba2 axb4 26. Rxb4 f5 27.
Bxe6 Rfd8 28. Bb3 c5 29. Rb7+ Kh6 30. Bc2 Rd2 31. Rc1 Rxc2 32. Re1 Rdd2 33. Rf1
Rxb2 34. Rb5 Rxb5 35. axb5 Rb2 36. e6 Rxb5 37. e7 Rb8 38. Re1 Re8 39. f3 Kg7
40. Kf2 Kf6 41. f4 Rxe7 42. Rc1 Re4 43. Kf3 c4 44. h4 h5 45. Rc3 Rd4 46. Ke3
Re4+ 47. Kf3 Ke6 48. g3 Kd5 49. Kg2 Kd4 50. Rc2 Kd3 51. Ra2 Re2+ 52. Rxe2 Kxe2
53. Kh3 Kf3 54. Kh2 c3 0-1

[Event "Tournoi Skype 029B"]
[Site "Skype"]
[Date "????.??.??"]
[Round "1.17"]
[White "Lago Carballo, Maria Del Carmen"]
[Black "Kumbhar, Ashok"]
[Result "1-0"]
[WhiteElo "1328"]
[BlackElo "1018"]
[PlyCount "55"]

1. e4 e6 2. Nf3 d6 3. c3 c5 4. d4 Ne7 5. Bb5+ Bd7 6. Bxd7+ Nxd7 7. Qa4 Nc6 8.
O-O Be7 9. Re1 O-O 10. Qd1 Qc7 11. d5 exd5 12. exd5 Nce5 13. Bf4 Rfe8 14. Nbd2
Nd3 15. Re4 Nf6 16. Qe2 Nxe4 17. Qxd3 Nf6 18. Re1 c4 19. Nxc4 Rac8 20. Ne3 Qa5
21. a3 Nh5 22. Ng5 g6 23. g3 Nxf4 24. gxf4 Bf6 25. Ne4 Be7 26. Qd4 a6 27. Ng4
Qb5 28. Nh6+ 1-0

[Event "Tournoi Skype 029B"]
[Site "Skype"]
[Date "????.??.??"]
[Round "1.18"]
[White "Ramirez, Luis Antonio"]
[Black "Jones, Malcolm"]
[Result "1/2-1/2"]
[WhiteElo "1017"]
[BlackElo "1315"]
[PlyCount "67"]

1. c4 d6 2. Nf3 Nf6 3. Qc2 Nbd7 4. g3 e5 5. d3 h6 6. Bg2 Be7 7. O-O g5 8. h3
Nf8 9. Nc3 Ng6 10. e3 Bd7 11. a4 a6 12. Bd2 c6 13. Nh2 Qc8 14. Rab1 Bxh3 15.
Bxh3 Qxh3 16. Qd1 h5 17. f3 Qxg3+ 18. Kh1 Ng4 19. fxg4 hxg4 20. Qe2 Rh3 21. Be1
Rxh2+ 22. Qxh2 Qxh2+ 23. Kxh2 O-O-O 24. Kg2 Nh4+ 25. Kg3 Rf8 26. Rh1 f5 27. Bd2
f4+ 28. Kxg4 f3 29. Rbf1 Ng2 30. Rh7 Kd7 31. Rf2 Nf4 32. Nd5 cxd5 33. cxd5 b6
34. d4 1/2-1/2

[Event "Tournoi Skype 029B"]
[Site "Skype"]
[Date "????.??.??"]
[Round "1.19"]
[White "Codina, Teresa"]
[Black "Moraga Vasquez, Michael"]
[Result "1-0"]
[WhiteElo "1310"]
[BlackElo "1008"]
[PlyCount "59"]

1. d4 Nf6 2. Nf3 g6 3. c3 Bg7 4. Bf4 d6 5. Bg3 Nbd7 6. e3 O-O 7. Bd3 e5 8. dxe5
dxe5 9. Nxe5 Nh5 10. Nf3 Nxg3 11. hxg3 Nc5 12. Bc2 Qxd1+ 13. Bxd1 Bg4 14. Nbd2
Rfe8 15. Be2 Rad8 16. Rd1 Bxf3 17. Bxf3 Nd3+ 18. Ke2 Nxb2 19. Rb1 Bxc3 20. Ne4
Bg7 21. g4 b5 22. g5 c6 23. Nf6+ Bxf6 24. gxf6 a5 25. Rxb2 b4 26. Bxc6 Re6 27.
Ba4 Rxf6 28. Rc1 Rb6 29. a3 bxa3 30. Rxb6 1-0

[Event "Tournoi Skype 029B"]
[Site "Skype"]
[Date "????.??.??"]
[Round "1.20"]
[White "Nakamura, Seiichi"]
[Black "Cengiz, Ali Ekber"]
[Result "1-0"]
[WhiteElo "1005"]
[BlackElo "1299"]
[PlyCount "75"]

1. d4 d5 2. Bf4 Nf6 3. Nf3 c6 4. e3 Bf5 5. Bd3 Bg4 6. Nbd2 e6 7. h3 Bh5 8. O-O
Be7 9. c4 O-O 10. c5 b6 11. b4 b5 12. Qc2 Bg6 13. Bxg6 fxg6 14. Ne5 Qe8 15. a4
a6 16. axb5 cxb5 17. Rfe1 Nc6 18. Nxc6 Qxc6 19. Bg3 Nh5 20. Bh2 Bh4 21. Nf3 Be7
22. Ne5 Qe8 23. Ra3 Nf6 24. Rea1 Nd7 25. Nxd7 Qxd7 26. Rxa6 Rxa6 27. Rxa6 Qe8
28. Rb6 Bd8 29. Rb7 Rf7 30. Rxf7 Qxf7 31. c6 Bc7 32. Qc5 e5 33. Qxb5 Qf5 34.
Bxe5 Bxe5 35. dxe5 Qxe5 36. Qb7 Qa1+ 37. Kh2 Qe5+ 38. g3 1-0

[Event "Tournoi Skype 029B"]
[Site "Skype"]
[Date "????.??.??"]
[Round "1.21"]
[White "Hargez, Dany"]
[Black "Schnell, Nicolas"]
[Result "1-0"]
[WhiteElo "1296"]
[BlackElo "1003"]
[PlyCount "69"]

1. e4 e5 2. Nf3 Nc6 3. Bc4 Nf6 4. d3 Bc5 5. Be3 Bb4+ 6. c3 Be7 7. O-O d6 8.
Nbd2 Ng4 9. h3 Nxe3 10. fxe3 Bf6 11. Bd5 Ne7 12. Bc4 c6 13. d4 Qb6 14. Bb3 O-O
15. Nc4 Qc7 16. d5 cxd5 17. exd5 e4 18. Nh2 Nf5 19. Ng4 Be7 20. Nd2 Bg5 21.
Nxe4 Qe7 22. Nxg5 Qxg5 23. Qf3 Re8 24. Rae1 Qg6 25. Bc2 Qg5 26. e4 Nh6 27.
Nxh6+ gxh6 28. Qxf7+ Kh8 29. Qxe8+ Kg7 30. Qf7+ Kh8 31. Qf8+ Qg8 32. Qf6+ Qg7
33. Qd8+ Qg8 34. Rf8 Bxh3 35. Rxg8# 1-0

[Event "Tournoi Skype 029B"]
[Site "Skype"]
[Date "????.??.??"]
[Round "1.22"]
[White "Achicanoy, Yolanda"]
[Black "Yepes Bermudez, Maribel"]
[Result "0-1"]
[WhiteElo "1000"]
[BlackElo "1287"]
[PlyCount "44"]

1. e4 d5 2. Nf3 dxe4 3. Nd4 e5 4. c3 exd4 5. c4 d3 6. Nc3 Nf6 7. Be2 dxe2 8.
Nxe2 Bg4 9. d4 exd3 10. Qd2 Nc6 11. O-O Bxe2 12. Re1 Bb4 13. Qe3+ Qe7 14. Qf4
Bxe1 15. Qg3 O-O 16. Bg5 Bxf2+ 17. Qxf2 h6 18. Bh4 Rad8 19. Rb1 d2 20. g3 d1=Q+
21. Kg2 Qe4+ 22. Kh3 Bg4# 0-1

[Event "Tournoi Skype 029B"]
[Site "Skype"]
[Date "????.??.??"]
[Round "1.23"]
[White "Ponz Lazaro, Ruperto"]
[Black "Adamson, Chris"]
[Result "1-0"]
[WhiteElo "1285"]
[BlackElo "1000"]
[PlyCount "99"]

1. d4 Nf6 2. Nf3 d6 3. c4 Bf5 4. Nc3 Nbd7 5. h3 c5 6. e3 Qb6 7. Be2 g6 8. g4
Be4 9. Nxe4 Nxe4 10. Qc2 Ndf6 11. O-O e6 12. g5 Nxg5 13. Nxg5 d5 14. Nf3 Bd6
15. Bd3 O-O 16. Re1 Rfe8 17. b3 Qb4 18. Bb2 Rac8 19. dxc5 Qxc5 20. Bxf6 Be7 21.
Bxe7 Qxe7 22. h4 Qf6 23. h5 Qxf3 24. hxg6 Qg4+ 25. Kf1 Qh3+ 26. Ke2 Qg4+ 27.
Kd2 hxg6 28. Qc3 Qg2 29. Rh1 Qxf2+ 30. Be2 e5 31. Raf1 Qg2 32. Qb4 b6 33. Qa4
a5 34. Qd7 Rf8 35. Qh3 Qxh3 36. Rxh3 Kg7 37. cxd5 Rh8 38. Rxh8 Kxh8 39. Bc4 Rd8
40. e4 Kg8 41. Rf6 Kg7 42. Rxb6 g5 43. Ke2 Rh8 44. Kd2 Rh2+ 45. Be2 g4 46. d6
g3 47. d7 Rh8 48. d8=Q Kh7 49. Qg5 Rg8 50. Rh6# 1-0

[Event "Tournoi Skype 029B"]
[Site "Skype"]
[Date "????.??.??"]
[Round "1.25"]
[White "Vervoort, Jean-Louis"]
[Black "Balci Gungor, Ayca"]
[Result "1-0"]
[WhiteElo "1273"]
[BlackElo "1000"]
[PlyCount "32"]

1. e4 e5 2. Nf3 d6 3. Nc3 Nf6 4. Bc4 Be6 5. Bxe6 fxe6 6. d3 Be7 7. O-O O-O 8.
Bg5 Nc6 9. Bxf6 Rxf6 10. Ng5 h6 11. Nf3 Qf8 12. Qe2 Rg6 13. g3 Qf7 14. Kg2 Rf8
15. h4 Qf4 16. Rh1 Rgf6 1-0

[Event "Tournoi Skype 029B"]
[Site "Skype"]
[Date "????.??.??"]
[Round "1.26"]
[White "Barajas, Nestor"]
[Black "Battaglia, Gabriele"]
[Result "0-1"]
[WhiteElo "1000"]
[BlackElo "1271"]
[PlyCount "78"]

1. e4 c5 2. Nf3 g6 3. Bc4 Bg7 4. c3 d6 5. d4 cxd4 6. cxd4 Nf6 7. Nc3 O-O 8. O-O
a6 9. a3 Bd7 10. Re1 Nc6 11. h3 Rc8 12. Ba2 Qb6 13. Be3 Qxb2 14. Qc1 Qxc1 15.
Raxc1 e6 16. Bg5 Ne8 17. e5 Kh8 18. Bb1 dxe5 19. dxe5 Nxe5 20. Nxe5 Bxe5 21.
Rxe5 f6 22. Bxf6+ Nxf6 23. Ba2 Rc6 24. Ree1 Rfc8 25. f3 Rxc3 26. Rcd1 Kg7 27.
Rxd7+ Nxd7 28. Bxe6 R8c7 29. a4 Rc1 30. Kf1 Rxe1+ 31. Kxe1 Nc5 32. Bd5 Nxa4 33.
Ke2 Nc3+ 34. Kd3 Nxd5 35. Ke4 Rc5 36. g4 Ne7 37. g5 Rxg5 38. f4 Rc5 39. Kd4 b6
0-1

[Event "Tournoi Skype 029B"]
[Site "Skype"]
[Date "????.??.??"]
[Round "1.28"]
[White "Barrera Mendoza, Carlos"]
[Black "Le Bouill, Pierre"]
[Result "1-0"]
[WhiteElo "1000"]
[BlackElo "1252"]
[PlyCount "39"]

1. e4 d5 2. exd5 Qxd5 3. Nc3 Qa5 4. d4 c6 5. Be3 Nf6 6. Qd2 Bf5 7. a3 h6 8. Nf3
e6 9. h3 Ne4 10. Nxe4 Qxd2+ 11. Nfxd2 Nd7 12. Bd3 g6 13. g4 Bxe4 14. Bxe4 Nf6
15. Bd3 Nd5 16. O-O-O O-O-O 17. Rde1 Bg7 18. Nc4 b6 19. Ne5 Kc7 20. Nxf7 1-0

[Event "Tournoi Skype 029B"]
[Site "Skype"]
[Date "????.??.??"]
[Round "1.29"]
[White "Abdulrazzaq, Mohsen"]
[Black "Batista, Andre Luis"]
[Result "1-0"]
[WhiteElo "1249"]
[BlackElo "1000"]
[PlyCount "49"]

1. e4 e5 2. Nf3 Nc6 3. d4 d6 4. Bb5 a6 5. Bxc6+ bxc6 6. dxe5 Be7 7. Nc3 h6 8.
exd6 cxd6 9. Bf4 Nf6 10. e5 Qa5 11. exf6 Bxf6 12. Qe2+ Be7 13. Bxd6 O-O 14.
Qxe7 Kh7 15. Qxf8 Qf5 16. Qe7 Qg4 17. Qe4+ Bf5 18. Qxg4 Bxg4 19. Ne5 Re8 20.
O-O Be2 21. Nxe2 f6 22. Nxc6 Rxe2 23. Rac1 Rd2 24. Rfd1 Rxd6 25. Rxd6 1-0

[Event "Tournoi Skype 029B"]
[Site "Skype"]
[Date "????.??.??"]
[Round "1.30"]
[White "Bayao, Danilo"]
[Black "Fernandez Zaldivar, Antonio"]
[Result "0-1"]
[WhiteElo "1000"]
[BlackElo "1246"]
[PlyCount "64"]

1. e4 c6 2. d4 d5 3. exd5 cxd5 4. Bd3 g6 5. Nc3 Bg7 6. Be3 b6 7. h3 Ba6 8. Nb5
Qd7 9. a4 Nh6 10. Nf3 O-O 11. O-O Rc8 12. Bf4 Nf5 13. c3 Nd6 14. Ne5 Bxe5 15.
dxe5 Nxb5 16. axb5 Bxb5 17. Re1 e6 18. Bc2 Rc4 19. Bb3 Rxf4 20. Qd2 Rh4 21. Qg5
Rh5 22. Qg4 Qe7 23. c4 dxc4 24. Bxc4 Bxc4 25. Qxc4 Nd7 26. Qc6 Rd8 27. Rxa7 Qc5
28. Qb7 Qd5 29. Qa6 Rxe5 30. Rxe5 Qxe5 31. Ra8 Nb8 32. Qxb6 Rd1# 0-1

[Event "Tournoi Skype 029B"]
[Site "Skype"]
[Date "????.??.??"]
[Round "1.31"]
[White "Sanchez Padilla, Armando Edilber"]
[Black "Becker Schllosser, Josiane Cristina"]
[Result "1-0"]
[WhiteElo "1240"]
[BlackElo "1000"]
[PlyCount "83"]

1. e4 e5 2. Nf3 Nc6 3. Bb5 Nf6 4. d3 Bb4+ 5. c3 Ba5 6. Nbd2 Bb6 7. O-O d6 8.
Nh4 Be6 9. a4 Qd7 10. a5 Bxa5 11. Rxa5 b6 12. Ra1 O-O 13. Ndf3 Rae8 14. Rxa7
Rd8 15. Be3 Qe7 16. Bxb6 Nxa7 17. Bxa7 Rc8 18. Bc6 Rcd8 19. Ng5 Bc8 20. Re1 d5
21. exd5 h6 22. Qe2 hxg5 23. Nf3 Qd6 24. Nxg5 g6 25. c4 Nh5 26. Ne4 Qe7 27. Bc5
Rd6 28. Qe3 Nf4 29. Qg3 Bf5 30. Nxd6 Qf6 31. Nxf5 Rb8 32. Nh6+ Kg7 33. Be7 Qxe7
34. Nf5+ Kf6 35. Nxe7 Kxe7 36. Rxe5+ Ne6 37. Qg5+ Kd6 38. dxe6 f6 39. Qxf6 Kxc6
40. e7+ Kd7 41. Rd5+ Ke8 42. Qf8# 1-0

[Event "Tournoi Skype 029B"]
[Site "Skype"]
[Date "????.??.??"]
[Round "1.32"]
[White "Bellati, Fabio"]
[Black "Hernandez Monzon, Alejandro"]
[Result "0-1"]
[WhiteElo "1000"]
[BlackElo "1239"]
[PlyCount "54"]

1. d4 e6 2. c4 c5 3. e3 Nf6 4. Nc3 cxd4 5. exd4 Bb4 6. Nge2 Nc6 7. d5 exd5 8.
cxd5 Ne7 9. Bd2 Nexd5 10. g3 Qe7 11. Bg2 Nxc3 12. bxc3 Bc5 13. O-O O-O 14. Re1
Ng4 15. Be3 Bxe3 16. fxe3 Nxe3 17. Qd3 Qc5 18. Nd4 Nxg2 19. Kxg2 Qd5+ 20. Kg1
b6 21. Re7 Bb7 22. Qe2 Qh1+ 23. Kf2 Qxh2+ 24. Ke3 Qxg3+ 25. Kd2 Rac8 26. Re1
Qxc3+ 27. Kd1 Qc1# 0-1

[Event "Tournoi Skype 029B"]
[Site "Skype"]
[Date "????.??.??"]
[Round "1.33"]
[White "Pande, Mrunali"]
[Black "Buyukurvay, Yagmur"]
[Result "1-0"]
[WhiteElo "1236"]
[BlackElo "1000"]
[PlyCount "35"]

1. e4 e5 2. Nf3 Nc6 3. Bc4 Bc5 4. O-O Nf6 5. d4 exd4 6. e5 Nxe5 7. Nxe5 O-O 8.
Bg5 h6 9. Bh4 g5 10. Bg3 b5 11. Bxb5 c6 12. Bd3 Re8 13. c3 Ne4 14. Bxe4 Bd6 15.
cxd4 f6 16. Qh5 Rf8 17. Qg6+ Kh8 18. Qh7# 1-0

[Event "Tournoi Skype 029B"]
[Site "Skype"]
[Date "????.??.??"]
[Round "1.34"]
[White "Cassano, Mariangela"]
[Black "Franca, Diego"]
[Result "0-1"]
[WhiteElo "1000"]
[BlackElo "1234"]
[PlyCount "54"]

1. d4 Nf6 2. Nf3 g6 3. e3 d5 4. g3 Bg4 5. Bg2 Bg7 6. O-O c5 7. dxc5 Nc6 8. Nc3
O-O 9. Bd2 e5 10. e4 dxe4 11. Be3 exf3 12. Bxf3 Qxd1 13. Raxd1 Bxf3 14. Rde1
Ne4 15. Nxe4 Bxe4 16. c3 Bd3 17. a3 Bxf1 18. Kxf1 a5 19. b4 axb4 20. axb4 e4
21. Bg5 Rfe8 22. b5 Na5 23. b6 Bxc3 24. Re3 Bd4 25. c6 Bxe3 26. Bxe3 Nxc6 27.
f4 exf3 0-1

[Event "Tournoi Skype 029B"]
[Site "Skype"]
[Date "????.??.??"]
[Round "1.35"]
[White "Tembhurnekar, Ritu"]
[Black "Castellanos Gonzalez, Mariano"]
[Result "1-0"]
[WhiteElo "1219"]
[BlackElo "1000"]
[PlyCount "79"]

1. d4 Nf6 2. Nf3 g6 3. Bf4 Bg7 4. e3 d6 5. Nbd2 Nh5 6. Bg3 Nxg3 7. hxg3 Bf5 8.
c3 O-O 9. Qb3 b6 10. Bc4 Nc6 11. Ng5 e6 12. Ndf3 Na5 13. Qa4 Nxc4 14. Qxc4 d5
15. Qe2 h6 16. Nh3 Bg4 17. Nf4 Re8 18. Qd3 Bf5 19. Qe2 Be4 20. O-O-O Rc8 21.
Ne5 c5 22. Ng4 h5 23. Nxh5 gxh5 24. Rxh5 Bg6 25. Nh6+ Kf8 26. Rh4 cxd4 27. exd4
f5 28. Qd3 Qg5+ 29. f4 Qf6 30. Rh2 Ke7 31. Qb5 Rh8 32. Qb4+ Kd8 33. Qd6+ Ke8
34. Re1 Rxh6 35. Rxe6+ Qxe6 36. Qxe6+ Kd8 37. Rxh6 Bf7 38. Qxf7 Bxh6 39. Qf6+
Kd7 40. Qxh6 1-0